000 00450nam a2200181Ia 4500
001 13991
005 20260306164841.0
008 260306t1999||||xx |||||||||||||| ||spa||
041 _aESP
082 _a005.74
_bU37
100 _aUllman, Jeffrey D., 1942-
_eAUT
245 0 _aIntroducción a los sistemas de bases de datos
260 _c1999
300 _a488 páginas :
_c24 cm.
650 _aGEN
654 _aCCC
942 _cLIB
_dJUS
_fJUS
_2ddc
_n
999 _c13991
_d13991